| 000 | 01683nam0a2200361 4500 | ||
|---|---|---|---|
| 001 | RU\NLR\BIBL_A\012094301 | ||
| 005 | 20250623205449.0 | ||
| 010 |
_a5-89574-125-8 _9500 |
||
| 035 | _a(NLR Aleph) 012094301 | ||
| 090 |
_a11870813 _c11870813 |
||
| 100 | _a20190916d2001 |||y0rusy50 ca | ||
| 101 | 0 | _arus | |
| 102 | _aRU | ||
| 105 | _ay e 000zy | ||
| 135 | _acrmz|mmmapaua | ||
| 200 | 1 |
_aКрай мой Химкинский _eкраткий энциклопедический краеведческий словарь _f[составитель: Васильева О. Н.] |
|
| 210 |
_aМосква _c[б. и.] _d2001 |
||
| 215 |
_a93, [1] с. _d20 |
||
| 320 | _aБиблиогр. в тексте | ||
| 325 | _aКопия доступна в Электрон. б-ке РНБ | ||
| 607 |
_aХимки, город (Московская область) _jЭнциклопедические словари _xИстория _92188405 _3RU\NLR\AUTH\661315647 |
||
| 686 | 1 | _aТ3(2Р-4Мо-2Х)я21 | |
| 702 | 1 |
_4220 _7ca _8rus _aВасильева _bО. Н. _cработник культуры, краевед _gОльга Николаевна _9210704 _3RU\NLR\AUTH\770210760 |
|
| 942 | _cBOOK | ||
| 980 | _aNB | ||
| 981 | 2 | 2 |
_a(22) Материалы по истории России _b(22) Территория |
| 981 | 2 | 2 |
_a(22) Материалы по истории России _b(22) Материалы по отдельным регионам |